[Event "GER-ch U14 Girls"]
[Site "Willingen"]
[Date "2024.05.24"]
[Round "8"]
[White "Abram, Kristina Maria"]
[Black "Richter, Anastasia"]
[Result "0-1"]
[WhiteElo "1480"]
[BlackElo "1560"]
[PlyCount "92"]
[EventDate "2024.05.19"]
[EventType "swiss"]
[EventRounds "9"]
[EventCountry "GER"]
[SourceTitle "CBM 220 Extra"]
[Source "ChessBase"]
[SourceDate "2024.07.31"]
[SourceVersion "1"]
[SourceVersionDate "2024.07.31"]
[SourceQuality "1"]

1. e4 e5 2. Nf3 Nc6 3. d4 exd4 4. Bc4 Nf6 5. e5 d5 6. Bb5 Ne4 7. Nxd4 Bd7 8. Bxc6 bxc6 9. 0-0 Bc5 10. c3 Bb6 11. Nd2 Nxd2 12. Bxd2 0-0 13. Qf3 c5 14. Nc2 Be6 15. Qg3 f6 16. a4 a5 17. Bf4 Rc8 18. Rfe1 f5 19. Rad1 Qe7 20. Bg5 Qf7 21. Qf3 h6 22. Bc1 g5 23. Qh3 Qg6 24. Ne3 d4 25. cxd4 f4 26. Ng4 h5 27. dxc5 Bxg4 28. Qb3+ Be6 29. Qc3 Ba7 30. Qxa5 Ra8 31. Qxc7 Rfc8 32. Qb7 Bxc5 33. b4 Rab8 34. Qa6 Bxb4 35. Bd2 Bxd2 36. Rxd2 Qf7 37. Rd6 Re8 38. a5 Rbd8 39. Red1 Rxd6 40. Rxd6 Bf5 41. Rf6 Rxe5 42. Qa8+ Qe8 43. Qxe8+ Rxe8 44. f3 Bd3 45. Rh6 Re1+ 46. Kf2 Rf1# 0-1

[Event "GER-ch U14 Girls"]
[Site "Willingen"]
[Date "2024.05.21"]
[Round "4"]
[White "Richter, Anastasia"]
[Black "Rafikova, Ailin"]
[Result "1/2-1/2"]
[WhiteElo "1560"]
[BlackElo "1625"]
[PlyCount "84"]
[EventDate "2024.05.19"]
[EventType "swiss"]
[EventRounds "9"]
[EventCountry "GER"]
[SourceTitle "CBM 220 Extra"]
[Source "ChessBase"]
[SourceDate "2024.07.31"]
[SourceVersion "1"]
[SourceVersionDate "2024.07.31"]
[SourceQuality "1"]

1. e4 c6 2. d4 d5 3. e5 Bf5 4. h4 h5 5. Bg5 Qb6 6. Bd3 Qxd4 7. Nf3 Qg4 8. Bxf5 Qxf5 9. c4 Qe4+ 10. Be3 e6 11. Nbd2 Qg6 12. Qb3 b5 13. cxb5 c5 14. b6 axb6 15. Qxb6 Nd7 16. Qc6 Rb8 17. Rc1 Ne7 18. Qa4 Rb4 19. Qa6 Rb6 20. Qe2 Nc6 21. 0-0 Be7 22. b3 0-0 23. Rfd1 Nb4 24. Nc4 Rbb8 25. Nd6 Bxd6 26. exd6 d4 27. Bf4 Ra8 28. Ne5 Nxe5 29. Qxe5 Nd3 30. Rxd3 Qxd3 31. Qxc5 Rfd8 32. Qc2 Qb5 33. Qc4 Qxc4 34. Rxc4 Rxa2 35. Rxd4 Ra7 36. Rd1 f6 37. b4 e5 38. Be3 Rad7 39. Bc5 Kf7 40. f3 Ke6 41. Kf2 Ra8 42. Rd2 g5 1/2-1/2

[Event "GER-ch U14 Girls"]
[Site "Willingen"]
[Date "2024.05.19"]
[Round "1"]
[White "Faerber, Anna"]
[Black "Richter, Anastasia"]
[Result "1/2-1/2"]
[WhiteElo "1660"]
[BlackElo "1560"]
[PlyCount "90"]
[EventDate "2024.05.19"]
[EventType "swiss"]
[EventRounds "9"]
[EventCountry "GER"]
[SourceTitle "CBM 220 Extra"]
[Source "ChessBase"]
[SourceDate "2024.07.31"]
[SourceVersion "1"]
[SourceVersionDate "2024.07.31"]
[SourceQuality "1"]

1. e4 e5 2. Nf3 Nc6 3. d4 exd4 4. Nxd4 Nf6 5. Nxc6 bxc6 6. e5 Qe7 7. Qe2 Nd5 8. h4 Qe6 9. Nd2 a5 10. Nf3 Ba6 11. c4 Nb6 12. b3 Bc5 13. g3 0-0 14. Bh3 f5 15. Be3 Bxe3 16. Qxe3 Rae8 17. 0-0-0 a4 18. Rhe1 axb3 19. axb3 Ra8 20. Qc3 Ra7 21. Nd4 Qg6 22. e6 Raa8 23. e7 Rfe8 24. Nxf5 Bc8 25. Nd4 Qf7 26. Qe3 Ra1+ 27. Kd2 Rxd1+ 28. Kxd1 d5 29. Bxc8 Nxc8 30. cxd5 Qxd5 31. Qe6+ Qxe6 32. Rxe6 Rxe7 33. Rxc6 Rd7 34. Rc4 c5 35. Kd2 Rxd4+ 36. Rxd4 cxd4 37. Kd3 Kf7 38. Kxd4 Ke6 39. Kc5 Ke5 40. b4 Na7 41. Kb6 Nc8+ 42. Kc7 Nd6 43. Kc6 Nc8 44. Kc7 Na7 45. Kb6 Nc8+ 1/2-1/2